000 00320nam a22001337a 4500
020 _a978-93-81318-06-5
082 _a894.812
_bRAM/A
100 _aDr. K.R. RAMAN NAMBOOTHIRI
245 _aATHBUTHA OUSHADHACHEDIKAL
260 _aTHRICHUR
_bH & C BOOKS
_c2011
300 _a142
650 _aHEALTH CARE
_zKERALA
942 _cBK
999 _c991
_d991